Science Quiz

Random Science or Elements Quiz
Score 0/28 Timer 04:00
5 Plays Today
Hint Answer % Correct
Begins with 'L'Lithium
88.2%
4 LettersGold
87.2%
Begins with 'G'Gold
87.2%
Begins with 'L'Lead
75%
4 LettersLead
75%
4 LettersIron
74.1%
Begins with 'Y'Yttrium
70%
4 LettersNeon
68.1%
Begins with 'G'Germanium
60.4%
Begins with 'G'Gallium
60.3%
Ends with 'E'Chlorine
60.2%
4 LettersZinc
59.8%
Ends with 'E'Fluorine
59%
Begins with 'Y'Ytterbium
57.8%
Hint Answer % Correct
Ends with 'E'Iodine
56.3%
Ends with 'E'Bromine
55.3%
Ends with 'R'Silver
51.6%
Begins with 'L'Lanthanum
46%
Ends with 'E'Astatine
45.5%
Ends with 'R'Copper
42.4%
Ends with 'T'Cobalt
41.8%
Begins with 'L'Lawrencium
40%
Ends with 'R'Sulfur
35.8%
Ends with 'E'Manganese
33.5%
Begins with 'G'Gadolinium
32%
Begins with 'L'Lutetium
30%
Begins with 'L'Livermorium
29.4%
Ends with 'E'Tennessine
21.7%

You're not logged in!

Compare scores with friends on all Sporcle quizzes.
OR
Log In

Sporcle TV

Today on Sporcle TV


Watch our educational content, quiz creation guides, and fun videos on Sporcle TV.

Show Comments

Extras

Top Quizzes Today


Score Distribution

Paid Content

Your Account Isn't Verified!

In order to create a playlist on Sporcle, you need to verify the email address you used during registration. Go to your Sporcle Settings to finish the process.

Report this User

Report this user for behavior that violates our Community Guidelines.

Details: